00747nam a2200193 i 450000100060000000300090000600500170001500700030003200800410003524501200007626000480019630000270024450501660027165000190043765000170045665000340047370000240050785200220053146551ES-MaACL20250807065800.0t|030409s1857 sp ||||1| spa d00aBiblioteca de instrucción y recreo para los jóvenes de ambos sexos /cbajo la dirección de Salvador Costanzo. aMadrid : bManuel María Valdés, c1857. aXII, 315 p. ; c15 cm.8 aContiene: Disertación sobre la nobleza y sublimes dotes del bello sexo (p. 253-290) . Catálogo de mujeres españolas ilustres en letras y armas (p. 291-315) 7aMujeres2embne 4aEspañolas. 7aEscritoras españolas2embne1 aCostanzo, Salvador.4 aES-MaACLjT-3-F-2